Đánh giá hoạt độ phóng xạ Gamma trong một số mẫu đất tại Đăk Lăk bằng hệ phổ kế Gamma phông thấp HPGe : Luận văn Thạc sĩ Vật lý chuyên ngành: Vật lý kỹ thuật

Đề tài trình bày tổng quan về phóng xạ môi trường, tìm hiểu hệ phổ kế Gamma và các đặc trưng, các phương pháp xác định hoạt độ Gamma sử dụng hệ phổ kế HPGe, đánh giá liều hiệu dụng và chỉ số nguy hiểm bức xạ....

ver descrição completa

Na minha lista:
Detalhes bibliográficos
Autor principal: Phan, Thị Hồng Châu
Autor Corporativo: .
Formato: Livro
Idioma:Undetermined
Publicado em: Cần Thơ Trường Đại học Cần Thơ 2014
Assuntos:
Tags: Adicionar Tag
Sem tags, seja o primeiro a adicionar uma tag!
Thư viện lưu trữ: Trung tâm Học liệu Trường Đại học Cần Thơ
LEADER 01241nam a2200229Ia 4500
001 CTU_193048
008 210402s9999 xx 000 0 und d
082 |a 539.77 
082 |b Ch125 
088 |a 60440103 
100 |a Phan, Thị Hồng Châu 
110 |a . 
245 0 |a Đánh giá hoạt độ phóng xạ Gamma trong một số mẫu đất tại Đăk Lăk bằng hệ phổ kế Gamma phông thấp HPGe : 
245 0 |b Luận văn Thạc sĩ Vật lý chuyên ngành: Vật lý kỹ thuật 
245 0 |c Phan Thị Hồng Châu ; Trương Thị Hồng Loan (Cán bộ hướng dẫn) 
260 |a Cần Thơ 
260 |b Trường Đại học Cần Thơ 
260 |c 2014 
520 |a Đề tài trình bày tổng quan về phóng xạ môi trường, tìm hiểu hệ phổ kế Gamma và các đặc trưng, các phương pháp xác định hoạt độ Gamma sử dụng hệ phổ kế HPGe, đánh giá liều hiệu dụng và chỉ số nguy hiểm bức xạ. 
650 |a Radiometry,Đo phóng xạ 
904 |i Hải 
980 |a Trung tâm Học liệu Trường Đại học Cần Thơ